Data Engineering with Databricks Cookbook: Build effective data and AI solutions using Apache Spark, Databricks, and Delta Lake (Record no. 7819)

MARC details
000 -LEADER
fixed length control field 00298 a2200097 4500
005 - DATE AND TIME OF LATEST TRANSACTION
control field 20260216153721.0
100 ## - MAIN ENTRY--PERSONAL NAME
Personal name Pulkit Chadha
245 ## - TITLE STATEMENT
Title Data Engineering with Databricks Cookbook: Build effective data and AI solutions using Apache Spark, Databricks, and Delta Lake
260 ## - PUBLICATION, DISTRIBUTION, ETC. (IMPRINT)
Date of publication, distribution, etc 2024
942 ## - ADDED ENTRY ELEMENTS (KOHA)
Koha item type Books

No items available.

African Court on Human and Peoples' Rights | For Inquiries Contact » +255 272 510 510